000 00206nam a22000857a 4500
008 221207b |||||||| |||| 00| 0 eng d
020 _a9789354403002
100 _aNESBIT.E
_97604
245 _aFIVE CHILDREN AND IT
999 _c12195
_d12195